Costa Rica Players Biggest Transfers - Statistics

General Stats
  • This quiz has been taken 40 times
  • The average score is 16 of 30
Answer Stats
Player From Joined % Correct
GK Keylor Navas 19/20 Real Madrid Paris Saint-Germain
97%
GK Keylor Navas 14/15 Levante Real Madrid
97%
AM Bryan Ruiz 11/12 Twente Fulham
81%
AM Bryan Ruiz 09/10 Gent Twente
81%
AM Bryan Ruiz 15/16 Fulham Sporting CP
81%
AM Bryan Ruiz 13/14 Fulham PSV
81%
RW Joel Campbell 20/21 Frosinone Leon
77%
RW Joel Campbell 18/19 Arsenal Frosinone
77%
RW Joel Campbell 14/15 Arsenal Villarreal
77%
RW Joel Campbell 11/12 Saprissa Arsenal
77%
LW John Jairo Ruiz 11/12 Saprissa Lille
77%
ST Paulo Wanchope 00/01 West Ham United Manchester city
65%
ST Paulo Wanchope 99/00 Derby County West Ham United
65%
CM Celso Borges 18/19 Deportivo La Coruna Goztepe
48%
CB Oscar Duarte 15/16 Club Brugge Espanyol
48%
LB Bryan Oviedo 12/13 Kobenhavn Everton
45%
LB Bryan Oviedo 16/17 Everton Sunderland
45%
CB Giancarlo Gonzalez 14/15 Columbus Crew Palermo
42%
CB Giancarlo Gonzalez 17/18 Palermo Bologna
42%
RB Cristian Gamboa 14/15 Rosenborg West Bromwich Albion
39%
RB Cristian Gamboa 16/17 West Bromwich Albion Celtic
39%
RW Christian Bolanos 10/11 Start Kobenhavn
35%
LW Jewison Bennette 22/23 Herediano Sunderland
29%
ST Anthony Contreras 22/23 Herediano Riga
26%
ST Manfred Ugalde 23/24 Lommel Twente
26%
ST Froylan Ledezma 97/98 Alajuelense Ajax
23%
LW Josimar Alcocer 23/24 Alajuelense Westerlo
19%
DM Randall Azofeifa 10/11 Gent Genclerbirligi
19%
ST Winston Parks 01/02 Limonense Udinese
19%
ST Winston Parks 02/03 Udinese Lokomotiv Moscow
19%
No matching quizzes found
Score Distribution
Percent of People with Each Score
Percentile by Number Answered
Your Score History
You have not taken this quiz